01141nam a2200193Ia 4500001001100000003001000011008004100021040002500062041001300087100001700100245007000117250001100187260006700198300001200265500026400277501011400541520026400655650002800919L371-24362IT-CnALBA170116s9999||||xx |||||||||||||| ||und|| aIT-CnALBAcIT-CnALBA aITALIANO aCAPPONI GINO 0aFRAMMENTO SULL'EDUCAZIONE. INTRODUZIONE E NOTE DI MARIO CASOTTI.  a3a ed. a BRESCIAbLA SCUOLA, SOCIETÀ EDITRICE c1942 [1° Ed.: n.d.] a146 p.  aEDUCAZIONE DEGLI ANTICHI. CRISTIANESIMO. EDUCAZIONE MODERNA. GESUITI. AUTORITÀ. LOTTA CONTRO L'EDUCAZIONE DELLA CHIESA. LIBERALISMO MODERNO. EDUCAZIONE COME ARTE. EDUCAZIONE DEI BAMBINI. VOLONTÀ. ISTRUZIONE. LETTERATURA DELL'INFANZIA. CASTIGHI. PRIVATA E  aSocietà San Paolo EM - Piazza San Paolo, 14 - 12051 ALBA (CN) (non commercial uses only) ® Copyright 2017 aEDUCAZIONE DEGLI ANTICHI. CRISTIANESIMO. EDUCAZIONE MODERNA. GESUITI. AUTORITÀ. LOTTA CONTRO L'EDUCAZIONE DELLA CHIESA. LIBERALISMO MODERNO. EDUCAZIONE COME ARTE. EDUCAZIONE DEI BAMBINI. VOLONTÀ. ISTRUZIONE. LETTERATURA DELL'INFANZIA. CASTIGHI. PRIVATA E  aISTRUZIONE - EDUCAZIONE